The research report on application of low-carbon technology in Expo 2010 Shanghai. (Record no. 597470)
[ view plain ]
| 000 -LEADER | |
|---|---|
| fixed length control field | 00279nam a2200097Ia 4500 |
| 008 - FIXED-LENGTH DATA ELEMENTS--GENERAL INFORMATION | |
| fixed length control field | 230907s9999||||xx |||||||||||||| ||und|| |
| 082 ## - DEWEY DECIMAL CLASSIFICATION NUMBER | |
| Classification number | 620,RES |
| 245 #4 - TITLE STATEMENT | |
| Title | The research report on application of low-carbon technology in Expo 2010 Shanghai. |
| 300 ## - PHYSICAL DESCRIPTION | |
| Extent | xv, 247p.: |
| 942 ## - ADDED ENTRY ELEMENTS (KOHA) | |
| Koha item type | Book |
| Withdrawn status | Lost status | Damaged status | Not for loan | Permanent Location | Current Location | Date acquired | Total Checkouts | Full call number | Barcode | Date last seen | Price effective from | Koha item type |
|---|---|---|---|---|---|---|---|---|---|---|---|---|
| US-Pakistan Center for Advanced Studies in Energy (USPCAS-E) | US-Pakistan Center for Advanced Studies in Energy (USPCAS-E) | 04/10/2018 | 620,RES | CAS-E0001569 | 09/12/2023 | 09/12/2023 | Book |
